[Event "Benidorm Satellite preliminary"]
[Site "playchess.com #007036"]
[Date "2009.10.24"]
[Round "6"]
[White "Wolle1305"]
[Black "Musterlukas"]
[Result "0-1"]
[WhiteElo "1725"]
[BlackElo "1795"]
[PlyCount "114"]
[EventDate "2009.10.24"]
[EventType "swiss (blitz)"]

1. e4 {[%emt 0:00:00]} c5 {[%emt 0:00:04]} 2. Nf3 {[%emt 0:00:02]} d6 {[%emt 0:
00:01]} 3. d4 {[%emt 0:00:01]} cxd4 {[%emt 0:00:01]} 4. Nxd4 {[%emt 0:00:02]}
Nf6 {[%emt 0:00:01]} 5. Nc3 {[%emt 0:00:01]} e6 {[%emt 0:00:02]} 6. Be2 {[%emt
0:00:01]} Be7 {[%emt 0:00:02]} 7. O-O {[%emt 0:00:01]} a6 {[%emt 0:00:01]} 8.
Be3 {[%emt 0:00:01]} O-O {[%emt 0:00:02]} 9. Kh1 {[%emt 0:00:02]} Qc7 {[%emt 0:
00:02]} 10. f4 {[%emt 0:00:02]} Nbd7 {[%emt 0:00:03]} 11. Qe1 {[%emt 0:00:01]}
b5 {[%emt 0:00:02]} 12. a3 {[%emt 0:00:02]} Bb7 {[%emt 0:00:02]} 13. Bf3 {
[%emt 0:00:04]} Rac8 {[%emt 0:00:07]} 14. Qg3 {[%emt 0:00:03]} Nc5 {[%emt 0:00:
04]} 15. e5 {[%emt 0:00:05]} Nfe4 {[%emt 0:00:06]} 16. Nxe4 {[%emt 0:00:30]}
Nxe4 {[%emt 0:00:03]} 17. Bxe4 {[%emt 0:00:02]} Bxe4 {[%emt 0:00:03]} 18. exd6
{[%emt 0:00:05]} Bxd6 {[%emt 0:00:03]} 19. c3 {[%emt 0:00:01]} e5 {[%emt 0:00:
15]} 20. fxe5 {[%emt 0:00:20]} Bxe5 {[%emt 0:00:02]} 21. Bf4 {[%emt 0:00:02]}
Bxf4 {[%emt 0:00:08]} 22. Qxf4 {[%emt 0:00:03]} Bg6 {[%emt 0:00:11]} 23. Qxc7 {
[%emt 0:00:02]} Rxc7 {[%emt 0:00:02]} 24. Rfe1 {[%emt 0:00:03]} h6 {[%emt 0:00:
03]} 25. Re5 {[%emt 0:00:08]} Kh7 {[%emt 0:00:10]} 26. Rae1 {[%emt 0:00:01]} f5
{[%emt 0:00:06]} 27. Re7 {[%emt 0:00:07]} Rxe7 {[%emt 0:00:07]} 28. Rxe7 {
[%emt 0:00:01]} Rf6 {[%emt 0:00:38]} 29. Re6 {[%emt 0:00:09]} Rxe6 {[%emt 0:00:
10]} 30. Nxe6 {[%emt 0:00:01]} Bh5 {[%emt 0:00:20]} 31. Nc7 {[%emt 0:00:04]}
Be2 {[%emt 0:00:02]} 32. Nxa6 {[%emt 0:00:04]} Kg6 {[%emt 0:00:01]} 33. Kg1 {
[%emt 0:00:03]} Kg5 {[%emt 0:00:02]} 34. Kf2 {[%emt 0:00:01]} Bd3 {[%emt 0:00:
04]} 35. Nc5 {[%emt 0:00:04]} Bc4 {[%emt 0:00:02]} 36. b3 {[%emt 0:00:05]} Bd5
{[%emt 0:00:01]} 37. a4 {[%emt 0:00:03]} bxa4 {[%emt 0:00:02]} 38. bxa4 {[%emt
0:00:02]} Kf6 {[%emt 0:00:01]} 39. a5 {[%emt 0:00:02]} Ke5 {[%emt 0:00:02]} 40.
Ke3 {[%emt 0:00:08]} Kd6 {[%emt 0:00:02]} 41. Kd4 {[%emt 0:00:01]} Bxg2 {[%emt
0:00:01]} 42. a6 {[%emt 0:00:05]} g5 {[%emt 0:00:07]} 43. Na4 {[%emt 0:00:08]}
f4 {[%emt 0:00:05]} 44. a7 {[%emt 0:00:03]} Kc7 {[%emt 0:00:01]} 45. Ke5 {
[%emt 0:00:08]} Bc6 {[%emt 0:00:09]} 46. Kd4 {[%emt 0:00:07]} Kb7 {[%emt 0:00:
07]} 47. Nc5+ {[%emt 0:00:06]} Kxa7 {[%emt 0:00:01]} 48. Ne6 {[%emt 0:00:02]
Wolle1305 bietet Remis} Bd7 {[%emt 0:00:18]} 49. Nf8 {[%emt 0:00:06]} Bf5 {
[%emt 0:00:02]} 50. c4 {[%emt 0:00:07]} Kb6 {[%emt 0:00:05]} 51. Kc3 {[%emt 0:
00:05]} Kc5 {[%emt 0:00:02]} 52. Kd2 {[%emt 0:00:01]} Kxc4 {[%emt 0:00:02]} 53.
Ke2 {[%emt 0:00:01]} Kd5 {[%emt 0:00:01]} 54. Kf3 {[%emt 0:00:01]} Kd6 {[%emt
0:00:01]} 55. h4 {[%emt 0:00:03]} Ke7 {[%emt 0:00:01]} 56. Nh7 {[%emt 0:00:12]}
Bxh7 {[%emt 0:00:02]} 57. Kg4 {[%emt 0:00:02]} Kf6 {[%emt 0:00:03] Wolle1305
gibt auf} 0-1

[Event "Benidorm Satellite preliminary"]
[Site "playchess.com #007036"]
[Date "2009.10.24"]
[Round "6"]
[White "Hatimati"]
[Black "Dr-Bassem"]
[Result "1/2-1/2"]
[WhiteElo "2474"]
[BlackElo "2853"]
[PlyCount "96"]
[EventDate "2009.10.24"]
[EventType "swiss (blitz)"]

1. Nf3 {[%emt 0:00:00]} e6 {[%emt 0:00:03]} 2. e4 {[%emt 0:00:02]} d5 {[%emt 0:
00:02]} 3. e5 {[%emt 0:00:02]} f5 {[%emt 0:00:06]} 4. d4 {[%emt 0:00:06]} c5 {
[%emt 0:00:01]} 5. c4 {[%emt 0:00:02]} cxd4 {[%emt 0:00:06]} 6. Nxd4 {[%emt 0:
00:05]} Nc6 {[%emt 0:00:04]} 7. cxd5 {[%emt 0:00:03]} Qxd5 {[%emt 0:00:08]} 8.
Nxc6 {[%emt 0:00:02]} bxc6 {[%emt 0:00:12]} 9. Nc3 {[%emt 0:00:08]} Qxe5+ {
[%emt 0:00:02]} 10. Be2 {[%emt 0:00:03]} Nf6 {[%emt 0:00:23]} 11. O-O {[%emt 0:
00:11]} Bc5 {[%emt 0:00:22]} 12. Bf3 {[%emt 0:00:06]} O-O {[%emt 0:00:11]} 13.
Bxc6 {[%emt 0:00:21]} Ng4 {[%emt 0:00:02]} 14. g3 {[%emt 0:00:05]} Nxf2 {[%emt
0:00:02]} 15. Qf3 {[%emt 0:00:15]} Ng4+ {[%emt 0:00:25]} 16. Kh1 {[%emt 0:00:
29]} Ba6 {[%emt 0:00:27]} 17. Bf4 {[%emt 0:00:09]} Qd4 {[%emt 0:00:28]} 18.
Bxa8 {[%emt 0:00:03]} Bxf1 {[%emt 0:00:01]} 19. Rxf1 {[%emt 0:00:02]} e5 {
[%emt 0:00:03]} 20. Qd5+ {[%emt 0:00:03]} Kh8 {[%emt 0:00:02]} 21. Bd2 {[%emt
0:00:35] .} h5 {[%emt 0:00:18]} 22. Qxd4 {[%emt 0:00:05]} Bxd4 {[%emt 0:00:02]}
23. Bf3 {[%emt 0:00:06]} Rb8 {[%emt 0:00:06]} 24. b3 {[%emt 0:00:04]} g6 {
[%emt 0:00:03]} 25. Ne2 {[%emt 0:00:05]} Bb6 {[%emt 0:00:08]} 26. Bc3 {[%emt 0:
00:03]} Re8 {[%emt 0:00:01]} 27. Bxg4 {[%emt 0:00:12]} hxg4 {[%emt 0:00:00]}
28. Rd1 {[%emt 0:00:02]} Kh7 {[%emt 0:00:03]} 29. Rd7+ {[%emt 0:00:02]} Kh6 {
[%emt 0:00:01]} 30. Bd2+ {[%emt 0:00:11]} g5 {[%emt 0:00:00]} 31. Nc3 {[%emt 0:
00:01]} e4 {[%emt 0:00:03]} 32. Rd6+ {[%emt 0:00:09]} Kh5 {[%emt 0:00:01]} 33.
Nd5 {[%emt 0:00:01]} Bd4 {[%emt 0:00:01]} 34. Be3 {[%emt 0:00:06]} Be5 {[%emt
0:00:02]} 35. Nf6+ {[%emt 0:00:03]} Bxf6 {[%emt 0:00:01]} 36. Rxf6 {[%emt 0:00:
00]} Re5 {[%emt 0:00:03]} 37. Kg2 {[%emt 0:00:01]} a5 {[%emt 0:00:02]} 38. h3 {
[%emt 0:00:01]} gxh3+ {[%emt 0:00:11]} 39. Kxh3 {[%emt 0:00:00]} Rd5 {[%emt 0:
00:00]} 40. Rxf5 {[%emt 0:00:02]} Rxf5 {[%emt 0:00:02]} 41. g4+ {[%emt 0:00:01]
} Kg6 {[%emt 0:00:01]} 42. gxf5+ {[%emt 0:00:00]} Kxf5 {[%emt 0:00:00]} 43. Kg3
{[%emt 0:00:00]} a4 {[%emt 0:00:03]} 44. bxa4 {[%emt 0:00:01]} Ke5 {[%emt 0:00:
01]} 45. Kg4 {[%emt 0:00:06]} Kd5 {[%emt 0:00:00]} 46. Kxg5 {[%emt 0:00:01]}
Kc6 {[%emt 0:00:00]} 47. Kf4 {[%emt 0:00:00]} Kb7 {[%emt 0:00:00]} 48. Kxe4 {
[%emt 0:00:01]} Ka8 {[%emt 0:00:00] Arbiter Decision (Draw by material)}
1/2-1/2

[Event "Benidorm Satellite preliminary"]
[Site "playchess.com #007036"]
[Date "2009.10.24"]
[Round "6"]
[White "Bartimäus"]
[Black "Dolorian"]
[Result "1-0"]
[WhiteElo "1761"]
[BlackElo "1514"]
[PlyCount "103"]
[EventDate "2009.10.24"]
[EventType "swiss (blitz)"]

1. d4 {[%emt 0:00:02]} g6 {[%emt 0:00:10]} 2. c4 {[%emt 0:00:01]} c5 {[%emt 0:
00:02]} 3. d5 {[%emt 0:00:02]} Bg7 {[%emt 0:00:01]} 4. Nc3 {[%emt 0:00:01]}
Bxc3+ {[%emt 0:00:01]} 5. bxc3 {[%emt 0:00:02]} f5 {[%emt 0:00:01]} 6. Nf3 {
[%emt 0:00:02]} Qa5 {[%emt 0:00:02]} 7. Bd2 {[%emt 0:00:02]} Nf6 {[%emt 0:00:
02]} 8. g3 {[%emt 0:00:18]} d6 {[%emt 0:00:06]} 9. Bg2 {[%emt 0:00:03]} Nbd7 {
[%emt 0:00:01]} 10. Ng5 {[%emt 0:00:03]} Ne5 {[%emt 0:00:05]} 11. O-O {[%emt 0:
00:16]} Nxc4 {[%emt 0:00:04]} 12. Ne6 {[%emt 0:00:07]} Bxe6 {[%emt 0:00:06]}
13. dxe6 {[%emt 0:00:01]} Rb8 {[%emt 0:00:12]} 14. e4 {[%emt 0:00:22]} fxe4 {
[%emt 0:00:23]} 15. Re1 {[%emt 0:00:15]} O-O {[%emt 0:00:17]} 16. Bxe4 {[%emt
0:00:04]} Nxe4 {[%emt 0:00:16]} 17. Rxe4 {[%emt 0:00:02]} Nxd2 {[%emt 0:00:04]}
18. Qxd2 {[%emt 0:00:01]} Rf6 {[%emt 0:00:01]} 19. Qe3 {[%emt 0:00:16]} Rbf8 {
[%emt 0:00:07]} 20. f4 {[%emt 0:00:08]} Qb5 {[%emt 0:00:13]} 21. Rd1 {[%emt 0:
00:12]} g5 {[%emt 0:00:03]} 22. Kh1 {[%emt 0:00:07]} gxf4 {[%emt 0:00:02]} 23.
gxf4 {[%emt 0:00:01]} Rg6 {[%emt 0:00:08]} 24. c4 {[%emt 0:00:12]} Qb2 {[%emt
0:00:04]} 25. Rg1 {[%emt 0:00:15]} Rff6 {[%emt 0:00:10]} 26. f5 {[%emt 0:00:15]
} Rxg1+ {[%emt 0:00:28]} 27. Qxg1+ {[%emt 0:00:02]} Kf8 {[%emt 0:00:02]} 28.
Rg4 {[%emt 0:00:14]} Rxe6 {[%emt 0:00:33] '} 29. fxe6 {[%emt 0:00:03]} Qh8 {
[%emt 0:00:08]} 30. Rf4+ {[%emt 0:00:07] .} Ke8 {[%emt 0:00:01]} 31. Rf7 {
[%emt 0:00:11]} Kd8 {[%emt 0:00:00]} 32. Qf1 {[%emt 0:00:03]} Qd4 {[%emt 0:00:
03]} 33. Rf8+ {[%emt 0:00:07]} Kc7 {[%emt 0:00:01]} 34. Rf7 {[%emt 0:00:02]}
Qe4+ {[%emt 0:00:01]} 35. Qf3 {[%emt 0:00:03]} Qe1+ {[%emt 0:00:01]} 36. Kg2 {
[%emt 0:00:01]} Qd2+ {[%emt 0:00:02]} 37. Kh3 {[%emt 0:00:02]} Qh6+ {[%emt 0:
00:02]} 38. Kg2 {[%emt 0:00:01]} Qg6+ {[%emt 0:00:01]} 39. Kf2 {[%emt 0:00:03]}
Qc2+ {[%emt 0:00:01]} 40. Qe2 {[%emt 0:00:01]} Qg6 {[%emt 0:00:05]} 41. Rxe7+ {
[%emt 0:00:03]} Kb6 {[%emt 0:00:01]} 42. Qb2+ {[%emt 0:00:02]} Ka5 {[%emt 0:00:
01]} 43. Qa3+ {[%emt 0:00:02]} Kb6 {[%emt 0:00:02]} 44. Qb3+ {[%emt 0:00:02]}
Ka5 {[%emt 0:00:01]} 45. Rxb7 {[%emt 0:00:02]} Qf5+ {[%emt 0:00:05]} 46. Ke2 {
[%emt 0:00:01]} Qxe6+ {[%emt 0:00:04]} 47. Kd2 {[%emt 0:00:01]} Qh6+ {[%emt 0:
00:02]} 48. Kc2 {[%emt 0:00:03]} Qxh2+ {[%emt 0:00:01]} 49. Kb1 {[%emt 0:00:02]
} Qg1+ {[%emt 0:00:02]} 50. Kb2 {[%emt 0:00:01]} Qf2+ {[%emt 0:00:03]} 51. Ka3
{[%emt 0:00:01]} Ka6 {[%emt 0:00:07]} 52. Qb5# {[%emt 0:00:02]} 1-0

[Event "Benidorm Satellite preliminary"]
[Site "playchess.com #007036"]
[Date "2009.10.24"]
[Round "6"]
[White "Roefe"]
[Black "Altamiro"]
[Result "0-1"]
[WhiteElo "1740"]
[BlackElo "2147"]
[PlyCount "110"]
[EventDate "2009.10.24"]
[EventType "swiss (blitz)"]

1. d4 {[%emt 0:00:02]} Nf6 {[%emt 0:00:01]} 2. c4 {[%emt 0:00:03]} e6 {[%emt 0:
00:02]} 3. Nf3 {[%emt 0:00:02]} Bb4+ {[%emt 0:00:02]} 4. Nbd2 {[%emt 0:00:02]}
d6 {[%emt 0:00:02]} 5. e3 {[%emt 0:00:01]} O-O {[%emt 0:00:02]} 6. Qc2 {[%emt
0:00:01]} Nbd7 {[%emt 0:00:07]} 7. Bd3 {[%emt 0:00:02]} e5 {[%emt 0:00:02]} 8.
dxe5 {[%emt 0:00:02]} dxe5 {[%emt 0:00:07]} 9. a3 {[%emt 0:00:08]} Bd6 {[%emt
0:00:06]} 10. b4 {[%emt 0:00:02]} c5 {[%emt 0:00:01]} 11. b5 {[%emt 0:00:10]}
Qe7 {[%emt 0:00:09]} 12. Bb2 {[%emt 0:00:04]} Re8 {[%emt 0:00:08]} 13. Ne4 {
[%emt 0:00:04]} Nxe4 {[%emt 0:00:03]} 14. Bxe4 {[%emt 0:00:01]} Nf6 {[%emt 0:
00:05]} 15. O-O {[%emt 0:00:20]} Nxe4 {[%emt 0:00:01]} 16. Qxe4 {[%emt 0:00:00]
} f5 {[%emt 0:00:02]} 17. Qc2 {[%emt 0:00:08]} e4 {[%emt 0:00:07]} 18. Nd2 {
[%emt 0:00:02]} Qh4 {[%emt 0:00:02]} 19. g3 {[%emt 0:00:03]} Qh5 {[%emt 0:00:
24]} 20. Qd1 {[%emt 0:00:12]} Qh6 {[%emt 0:00:08]} 21. Qe2 {[%emt 0:00:04]} Be6
{[%emt 0:00:10]} 22. Rfd1 {[%emt 0:00:06]} Rad8 {[%emt 0:00:02]} 23. Nf1 {
[%emt 0:00:02]} Qg6 {[%emt 0:00:06]} 24. h4 {[%emt 0:00:23]} Qf7 {[%emt 0:00:
01]} 25. Rac1 {[%emt 0:00:04]} Bc7 {[%emt 0:00:06]} 26. Nd2 {[%emt 0:00:06]}
Rd3 {[%emt 0:00:04]} 27. Rc3 {[%emt 0:00:18]} Red8 {[%emt 0:00:02]} 28. Rxd3 {
[%emt 0:00:01]} Rxd3 {[%emt 0:00:31]} 29. Kh2 {[%emt 0:00:16]} Qd7 {[%emt 0:00:
22]} 30. h5 {[%emt 0:00:25]} Qd8 {[%emt 0:00:14]} 31. h6 {[%emt 0:00:05]} Qh4+
{[%emt 0:00:02]} 32. Kg2 {[%emt 0:00:02]} Qxh6 {[%emt 0:00:02]} 33. Rh1 {[%emt
0:00:15]} Qg6 {[%emt 0:00:02]} 34. Rh4 {[%emt 0:00:22]} Bd8 {[%emt 0:00:12]}
35. Rh5 {[%emt 0:00:03]} Be7 {[%emt 0:00:08]} 36. f3 {[%emt 0:00:06]} Rxd2 {
[%emt 0:00:03]} 37. Qxd2 {[%emt 0:00:02]} Qxh5 {[%emt 0:00:01]} 38. fxe4 {
[%emt 0:00:03]} fxe4 {[%emt 0:00:01]} 39. Qc3 {[%emt 0:00:03]} Qf3+ {[%emt 0:
00:01]} 40. Kh2 {[%emt 0:00:02]} Bf6 {[%emt 0:00:02]} 41. Qd2 {[%emt 0:00:01]}
Qh5+ {[%emt 0:00:03]} 42. Kg2 {[%emt 0:00:02]} Qh3+ {[%emt 0:00:01]} 43. Kg1 {
[%emt 0:00:03]} Qxg3+ {[%emt 0:00:01]} 44. Kf1 {[%emt 0:00:01]} Bh3+ {[%emt 0:
00:02]} 45. Ke2 {[%emt 0:00:01]} Qg2+ {[%emt 0:00:02]} 46. Kd1 {[%emt 0:00:01]}
Qxd2+ {[%emt 0:00:06]} 47. Kxd2 {[%emt 0:00:00]} Bxb2 {[%emt 0:00:01]} 48. a4 {
[%emt 0:00:01]} Ba3 {[%emt 0:00:02]} 49. a5 {[%emt 0:00:01]} Bb4+ {[%emt 0:00:
01]} 50. Ke2 {[%emt 0:00:01]} Bxa5 {[%emt 0:00:00]} 51. Kf2 {[%emt 0:00:01]}
Bf5 {[%emt 0:00:01]} 52. Kg3 {[%emt 0:00:01]} g6 {[%emt 0:00:00]} 53. Kf4 {
[%emt 0:00:01]} h5 {[%emt 0:00:00]} 54. Ke5 {[%emt 0:00:01]} Bd2 {[%emt 0:00:
01]} 55. Kd5 {[%emt 0:00:01]} Bxe3 {[%emt 0:00:01] Roefe gibt auf} 0-1

[Event "Benidorm Satellite preliminary"]
[Site "playchess.com #007036"]
[Date "2009.10.24"]
[Round "6"]
[White "Zoschi"]
[Black "chess-vador"]
[Result "0-1"]
[WhiteElo "1641"]
[BlackElo "1787"]
[PlyCount "106"]
[EventDate "2009.10.24"]
[EventType "swiss (blitz)"]

1. d4 {[%emt 0:00:01]} Nf6 {[%emt 0:00:02]} 2. Nf3 {[%emt 0:00:01]} g6 {[%emt
0:00:02]} 3. c4 {[%emt 0:00:02]} Bg7 {[%emt 0:00:01]} 4. Nc3 {[%emt 0:00:00]}
O-O {[%emt 0:00:01]} 5. g3 {[%emt 0:00:00]} d6 {[%emt 0:00:02]} 6. Bg2 {[%emt
0:00:01]} Na6 {[%emt 0:00:01]} 7. O-O {[%emt 0:00:02]} c6 {[%emt 0:00:03]} 8.
b3 {[%emt 0:00:07]} Qa5 {[%emt 0:00:02]} 9. Bb2 {[%emt 0:00:01]} Qh5 {[%emt 0:
00:03]} 10. Qd2 {[%emt 0:00:21]} h6 {[%emt 0:00:07]} 11. d5 {[%emt 0:00:17]}
Nc5 {[%emt 0:00:10]} 12. Nd4 {[%emt 0:00:19]} cxd5 {[%emt 0:00:10]} 13. Nxd5 {
[%emt 0:00:14]} Bh3 {[%emt 0:00:14]} 14. Nxe7+ {[%emt 0:00:09]} Kh7 {[%emt 0:
00:05]} 15. Nd5 {[%emt 0:00:13]} Nxd5 {[%emt 0:00:23]} 16. Bxh3 {[%emt 0:00:17]
} Ne4 {[%emt 0:00:28]} 17. Qd3 {[%emt 0:00:16]} Qxh3 {[%emt 0:00:39]} 18. Qxe4
{[%emt 0:00:15]} Nf6 {[%emt 0:00:18]} 19. Qg2 {[%emt 0:00:03]} Qg4 {[%emt 0:00:
03]} 20. e3 {[%emt 0:00:03]} Nd7 {[%emt 0:00:10]} 21. Qxb7 {[%emt 0:00:14]} Ne5
{[%emt 0:00:05]} 22. Rab1 {[%emt 0:00:09]} h5 {[%emt 0:00:15]} 23. Qg2 {[%emt
0:00:05]} g5 {[%emt 0:00:06]} 24. Nc6 {[%emt 0:00:05]} Nf3+ {[%emt 0:00:06]}
25. Kh1 {[%emt 0:00:07]} Nd2 {[%emt 0:00:08]} 26. Bxg7 {[%emt 0:00:01]} Kxg7 {
[%emt 0:00:01]} 27. Rbd1 {[%emt 0:00:17] .} Nxf1 {[%emt 0:00:02]} 28. Rxf1 {
[%emt 0:00:00]} h4 {[%emt 0:00:03]} 29. h3 {[%emt 0:00:03]} Qf5 {[%emt 0:00:05]
} 30. gxh4 {[%emt 0:00:02]} f6 {[%emt 0:00:03]} 31. Nd4 {[%emt 0:00:03]} Qe5 {
[%emt 0:00:02]} 32. Rg1 {[%emt 0:00:07]} Kg6 {[%emt 0:00:02]} 33. hxg5 {[%emt
0:00:01]} f5 {[%emt 0:00:02]} 34. Qg3 {[%emt 0:00:06]} Rh8 {[%emt 0:00:04]} 35.
Qxe5 {[%emt 0:00:01]} dxe5 {[%emt 0:00:01]} 36. Kg2 {[%emt 0:00:00]} exd4 {
[%emt 0:00:01]} 37. exd4 {[%emt 0:00:00]} Rad8 {[%emt 0:00:01]} 38. d5 {[%emt
0:00:01]} Kxg5 {[%emt 0:00:03]} 39. Re1 {[%emt 0:00:01]} Kf4 {[%emt 0:00:02]}
40. Re3 {[%emt 0:00:03]} Rdg8+ {[%emt 0:00:02]} 41. Kf1 {[%emt 0:00:02]} Re8 {
[%emt 0:00:01]} 42. Rg3 {[%emt 0:00:05]} Ke5 {[%emt 0:00:04]} 43. Re3+ {[%emt
0:00:01]} Kd6 {[%emt 0:00:01]} 44. Rg3 {[%emt 0:00:02]} Rhg8 {[%emt 0:00:02]}
45. Kg2 {[%emt 0:00:04]} Rxg3+ {[%emt 0:00:02]} 46. fxg3 {[%emt 0:00:01]} Re2+
{[%emt 0:00:01]} 47. Kf3 {[%emt 0:00:01]} Rxa2 {[%emt 0:00:01]} 48. h4 {[%emt
0:00:02]} Ke5 {[%emt 0:00:03]} 49. b4 {[%emt 0:00:04]} Rc2 {[%emt 0:00:03]} 50.
h5 {[%emt 0:00:01]} Rxc4 {[%emt 0:00:01]} 51. h6 {[%emt 0:00:01]} Rxb4 {[%emt
0:00:01]} 52. d6 {[%emt 0:00:02]} Kxd6 {[%emt 0:00:02]} 53. h7 {[%emt 0:00:00]}
Rb8 {[%emt 0:00:03] Zoschi gibt auf  (Lag: Av=0.35s, max=0.8s)} 0-1

[Event "Benidorm Satellite preliminary"]
[Site "playchess.com #007036"]
[Date "2009.10.24"]
[Round "6"]
[White "Althusius"]
[Black "RKO DRM"]
[Result "1-0"]
[WhiteElo "1600"]
[BlackElo "1644"]
[PlyCount "121"]
[EventDate "2009.10.24"]
[EventType "swiss (blitz)"]

1. e4 {[%emt 0:00:04]} c5 {[%emt 0:00:01]} 2. Nf3 {[%emt 0:00:03]} d6 {[%emt 0:
00:03]} 3. Bb5+ {[%emt 0:00:05]} Bd7 {[%emt 0:00:03]} 4. Bxd7+ {[%emt 0:00:05]}
Nxd7 {[%emt 0:00:01]} 5. O-O {[%emt 0:00:02]} e5 {[%emt 0:00:04]} 6. c3 {[%emt
0:00:02]} Ngf6 {[%emt 0:00:08]} 7. Re1 {[%emt 0:00:02]} Qb6 {[%emt 0:00:08]} 8.
Na3 {[%emt 0:00:08]} Be7 {[%emt 0:00:16]} 9. d4 {[%emt 0:00:05]} O-O {[%emt 0:
00:12]} 10. Nc4 {[%emt 0:00:44]} Qb5 {[%emt 0:00:19]} 11. b3 {[%emt 0:00:08]}
cxd4 {[%emt 0:00:05]} 12. cxd4 {[%emt 0:00:01]} Rac8 {[%emt 0:00:18]} 13. Ba3 {
[%emt 0:00:02]} Ne8 {[%emt 0:00:32]} 14. dxe5 {[%emt 0:00:09]} Nxe5 {[%emt 0:
00:05]} 15. Nfxe5 {[%emt 0:00:02] RKO DRM reconnected.} Nf6 {[%emt 0:00:07]}
16. Nf3 {[%emt 0:00:27]} Rfd8 {[%emt 0:00:19]} 17. Nd4 {[%emt 0:00:02]} Qd7 {
[%emt 0:00:07]} 18. Nf5 {[%emt 0:00:02]} Bf8 {[%emt 0:00:13]} 19. Nfxd6 {[%emt
0:00:05]} Rc6 {[%emt 0:00:11]} 20. Ne5 {[%emt 0:00:07]} Rxd6 {[%emt 0:00:17]}
21. Nxd7 {[%emt 0:00:13] .} Rxd1 {[%emt 0:00:02]} 22. Nxf6+ {[%emt 0:00:10]}
gxf6 {[%emt 0:00:01]} 23. Raxd1 {[%emt 0:00:02]} Rxd1 {[%emt 0:00:01]} 24. Rxd1
{[%emt 0:00:01]} Bxa3 {[%emt 0:00:01]} 25. Rd7 {[%emt 0:00:02]} b6 {[%emt 0:00:
02]} 26. Rxa7 {[%emt 0:00:01]} Bc5 {[%emt 0:00:01]} 27. Kf1 {[%emt 0:00:02]}
Kg7 {[%emt 0:00:00]} 28. Ke2 {[%emt 0:00:01]} Kg6 {[%emt 0:00:00]} 29. f4 {
[%emt 0:00:01]} h5 {[%emt 0:00:01]} 30. h3 {[%emt 0:00:04]} f5 {[%emt 0:00:01]}
31. e5 {[%emt 0:00:03]} h4 {[%emt 0:00:03]} 32. Rc7 {[%emt 0:00:02]} f6 {[%emt
0:00:04]} 33. exf6 {[%emt 0:00:05]} Kxf6 {[%emt 0:00:01]} 34. Rxc5 {[%emt 0:00:
01]} bxc5 {[%emt 0:00:01]} 35. Kd3 {[%emt 0:00:01]} Ke6 {[%emt 0:00:00]} 36.
Kc4 {[%emt 0:00:01]} Kd6 {[%emt 0:00:00]} 37. a4 {[%emt 0:00:01]} Kc6 {[%emt 0:
00:00]} 38. a5 {[%emt 0:00:01]} Kd6 {[%emt 0:00:00]} 39. a6 {[%emt 0:00:02]}
Kc6 {[%emt 0:00:00]} 40. a7 {[%emt 0:00:01]} Kb7 {[%emt 0:00:00]} 41. Kxc5 {
[%emt 0:00:01]} Kxa7 {[%emt 0:00:00]} 42. b4 {[%emt 0:00:01]} Kb7 {[%emt 0:00:
00]} 43. b5 {[%emt 0:00:01]} Kc7 {[%emt 0:00:00]} 44. b6+ {[%emt 0:00:01]} Kb7
{[%emt 0:00:00]} 45. Kb5 {[%emt 0:00:02]} Kb8 {[%emt 0:00:03]} 46. Kc6 {[%emt
0:00:01]} Kc8 {[%emt 0:00:00]} 47. Kd6 {[%emt 0:00:01]} Kb7 {[%emt 0:00:01]}
48. Ke5 {[%emt 0:00:00]} Kxb6 {[%emt 0:00:00]} 49. Kxf5 {[%emt 0:00:00]} Kc5 {
[%emt 0:00:00]} 50. Kg4 {[%emt 0:00:01]} Kd4 {[%emt 0:00:00]} 51. Kxh4 {[%emt
0:00:00]} Kd5 {[%emt 0:00:00]} 52. Kg5 {[%emt 0:00:00]} Ke6 {[%emt 0:00:00]}
53. Kg6 {[%emt 0:00:01]} Kd5 {[%emt 0:00:02]} 54. f5 {[%emt 0:00:01]} Ke4 {
[%emt 0:00:00]} 55. f6 {[%emt 0:00:00]} Ke3 {[%emt 0:00:00]} 56. f7 {[%emt 0:
00:01]} Kf2 {[%emt 0:00:00]} 57. g4 {[%emt 0:00:02]} Kg2 {[%emt 0:00:00]} 58.
h4 {[%emt 0:00:01]} Kg3 {[%emt 0:00:01]} 59. Kg5 {[%emt 0:00:02]} Kh3 {[%emt 0:
00:01]} 60. f8=R {[%emt 0:00:02]} Kg3 {[%emt 0:00:00]} 61. h5 {[%emt 0:00:01]
RKO DRM rinde} 1-0